[Event "Glorney 2019"]
[Site "?"]
[Date "2019.07.22"]
[Round "2.8"]
[White "Kokje, Joris"]
[Black "Melaugh, Gavin"]
[Result "0-1"]
[WhiteElo "2207"]
[BlackElo "2153"]
[PlyCount "70"]
[EventDate "2019.??.??"]

1. d4 e6 2. c4 f5 3. g3 Nf6 4. Bg2 Be7 5. Nf3 O-O 6. O-O d6 7. Nc3 Ne4 8. Qc2
Nxc3 9. bxc3 Nc6 10. e4 e5 11. c5 fxe4 12. Qxe4 d5 13. Qe2 e4 14. Ne1 b6 15. f3
exf3 16. Rxf3 Bf6 17. Rxf6 Qxf6 18. Bxd5+ Kh8 19. Nf3 Bb7 20. Bg5 Qg6 21. Rd1
Rae8 22. Qg2 Qf5 23. c4 bxc5 24. Bf4 cxd4 25. Bxc7 d3 26. Bf4 Re2 27. Qf1 Qg6
28. Nh4 Qe8 29. Nf3 Qe7 30. Rxd3 Nb4 31. Rd1 Nxd5 32. cxd5 Qc5+ 33. Kh1 Rfe8
34. a4 Bxd5 35. Rc1 Qf2 0-1

[Event "Glorney 2019"]
[Site "?"]
[Date "2019.07.22"]
[Round "2.9"]
[White "Flynn, Jacob"]
[Black "Gijsen, William"]
[Result "0-1"]
[WhiteElo "1994"]
[BlackElo "2005"]
[PlyCount "88"]
[EventDate "2019.??.??"]

1. e4 c5 2. Nf3 d6 3. d4 cxd4 4. Nxd4 Nf6 5. f3 a6 6. c4 e6 7. Nc3 Be7 8. Be3
O-O 9. Be2 Nc6 10. Nc2 b6 11. Qd2 Bb7 12. Rd1 Qc7 13. O-O Rfd8 14. Qe1 Rac8 15.
Qf2 Nd7 16. f4 Na5 17. Na3 Bf6 18. Nab5 axb5 19. Nxb5 Qb8 20. Nxd6 Bxe4 21.
Nxe4 Bxb2 22. c5 Nxc5 23. Nxc5 Rxd1 24. Rxd1 bxc5 25. Bxc5 Bf6 26. Bf1 h6 27.
Bd6 Qb7 28. a3 Qb3 29. Rd3 Qb1 30. g3 Rc1 31. Kg2 Nc4 32. Bb4 Rc2 33. Be2 Qb2
34. Kf3 e5 35. Re3 Nxe3 36. Qxe3 e4+ 37. Qxe4 Rc8 38. Bd3 g6 39. h4 Qa1 40. Kg2
Qd1 41. Kh3 Kg7 42. Be2 Qc2 43. Bd3 Qc6 44. Qe1 Qd7+ 0-1

[Event "Glorney 2019"]
[Site "?"]
[Date "2019.07.22"]
[Round "2.10"]
[White "Klein, Jorik"]
[Black "Scallan, Fiachra"]
[Result "1-0"]
[WhiteElo "1801"]
[BlackElo "1873"]
[PlyCount "59"]
[EventDate "2019.??.??"]

1. e4 e6 2. d4 d5 3. Nd2 Nc6 4. Ngf3 Nf6 5. e5 Nd7 6. c4 dxc4 7. Nxc4 Be7 8. a3
O-O 9. Bd3 Nb6 10. O-O Nd5 11. Bc2 f6 12. exf6 Bxf6 13. Qd3 g6 14. Nce5 Nxe5
15. dxe5 Bg7 16. Bg5 Qe8 17. Qe4 Bd7 18. Qh4 Qf7 19. Rad1 Bb5 20. Rfe1 c5 21.
Be3 Bh8 22. Ng5 Qe7 23. Bxc5 Qd7 24. Bxf8 Rxf8 25. Qh6 Re8 26. Rd4 Qg7 27.
Qxg7+ Bxg7 28. Nxe6 Rxe6 29. Rxd5 Bc6 30. Rd8+ 1-0

[Event "Glorney 2019"]
[Site "?"]
[Date "2019.07.22"]
[Round "2.11"]
[White "Pham, Arthur"]
[Black "Guha, Chirag"]
[Result "1-0"]
[WhiteElo "2109"]
[BlackElo "1885"]
[PlyCount "71"]
[EventDate "2019.??.??"]

1. e4 e5 2. Nf3 Nc6 3. Bc4 Nf6 4. d4 exd4 5. O-O Nxe4 6. Re1 d5 7. Bxd5 Qxd5 8.
Nc3 Qa5 9. Nxe4 Be6 10. Neg5 O-O-O 11. Nxe6 fxe6 12. Rxe6 Be7 13. Qe2 Bf6 14.
Bd2 Qd5 15. Qe4 Qxe4 16. Rxe4 Rhe8 17. Rae1 Rxe4 18. Rxe4 Rd5 19. g4 Ne5 20.
Nxe5 Rxe5 21. Rxe5 Bxe5 22. f4 Bd6 23. Kf2 Kd7 24. Kf3 Ke6 25. Ke4 Be7 26. f5+
Kd6 27. Bf4+ Kc5 28. Bxc7 Bf6 29. Be5 h6 30. h4 Bxe5 31. Kxe5 Kc4 32. g5 hxg5
33. hxg5 d3 34. cxd3+ Kxd3 35. f6 gxf6+ 36. gxf6 1-0

[Event "Glorney 2019"]
[Site "?"]
[Date "2019.07.22"]
[Round "2.12"]
[White "Camp, Imogen A L"]
[Black "Lary, Damien"]
[Result "0-1"]
[WhiteElo "1850"]
[BlackElo "2071"]
[PlyCount "60"]
[EventDate "2019.??.??"]

1. d4 c5 2. d5 g6 3. c4 Bg7 4. Nc3 Bxc3+ 5. bxc3 f5 6. h4 Nf6 7. h5 Rg8 8. hxg6
hxg6 9. Qd3 d6 10. g3 Nbd7 11. Nf3 Ne5 12. Nxe5 dxe5 13. Bg2 Qd6 14. Bg5 Nh5
15. e4 f4 16. Qf3 Bd7 17. O-O O-O-O 18. a4 Rdf8 19. g4 Nf6 20. Bxf6 exf6 21.
Qd1 f5 22. f3 fxg4 23. fxg4 Rh8 24. Qf3 Rh4 25. a5 Bxg4 26. Qf2 Rfh8 27. Rfb1
Rh2 28. Rxb7 Kxb7 29. Qb2+ Ka8 30. Rb1 R2h7 0-1

[Event "Glorney 2019"]
[Site "?"]
[Date "2019.07.22"]
[Round "2.13"]
[White "Weisman, Nathan"]
[Black "Fowler, Hugo"]
[Result "1-0"]
[WhiteElo "2071"]
[BlackElo "1794"]
[PlyCount "53"]
[EventDate "2019.??.??"]

1. e4 e5 2. Nf3 Nc6 3. d4 exd4 4. Nxd4 Bb4+ 5. c3 Bc5 6. Be3 Bb6 7. Nd2 Nf6 8.
Be2 d5 9. Nxc6 bxc6 10. Bxb6 axb6 11. Qc2 O-O 12. O-O Re8 13. Bd3 Bb7 14. Rfe1
Qd6 15. a3 c5 16. Rad1 Rad8 17. Bb5 Ng4 18. Nf3 c6 19. Bd3 h6 20. exd5 cxd5 21.
Bb5 Rxe1+ 22. Rxe1 d4 23. h3 Bxf3 24. hxg4 Bxg4 25. cxd4 Qxd4 26. Bc4 Qd2 27.
Re8+ 1-0

[Event "Glorney 2019"]
[Site "?"]
[Date "2019.07.22"]
[Round "2.14"]
[White "Rathbone-Jones, Ifan"]
[Black "Mahieu, Luc"]
[Result "1/2-1/2"]
[WhiteElo "1855"]
[BlackElo "2049"]
[PlyCount "118"]
[EventDate "2019.??.??"]

1. d4 Nf6 2. c4 g6 3. Nc3 Bg7 4. e4 d6 5. Be2 O-O 6. Nf3 e5 7. dxe5 dxe5 8.
Qxd8 Rxd8 9. Bg5 Re8 10. O-O-O Na6 11. h3 Be6 12. Nxe5 Nxe4 13. Nxe4 Bxe5 14.
Nf6+ Bxf6 15. Bxf6 Nb4 16. a3 Bf5 17. Rd2 Re6 18. Bg5 Rae8 19. Be3 Nc6 20. b3
Be4 21. Rg1 Ne5 22. Kb2 Kg7 23. Kc3 f6 24. b4 b6 25. Bd1 R6e7 26. Ba4 Bc6 27.
Bxc6 Nxc6 28. Rgd1 Ne5 29. Rd8 Kf7 30. R8d5 Re6 31. c5 Nc6 32. b5 Na5 33. c6
R8e7 34. a4 Re4 35. R5d4 R4e5 36. Rd8 a6 37. Kb4 Ke6 38. R1d3 g5 39. Bd4 Re1
40. Re3+ Rxe3 41. Bxe3 Kf5 42. g4+ Kg6 43. Rd7 Kf7 44. Bxb6 cxb6 45. c7 Rxd7
46. c8=Q Rd4+ 47. Ka3 axb5 48. axb5 Rf4 49. Qc7+ Kg6 50. Qc2+ Kg7 51. Qc7+ Kg6
52. Qc2+ Kg7 53. Qe2 Kg6 54. Ka2 Nc4 55. Kb3 Kf7 56. Qd3 Rf3 57. Kxc4 Rxd3 58.
Kxd3 Ke6 59. Ke4 h6 1/2-1/2

[Event "Glorney 2019"]
[Site "?"]
[Date "2019.07.22"]
[Round "2.15"]
[White "Rachid, Alexandre"]
[Black "Mcintosh, David"]
[Result "1-0"]
[WhiteElo "2007"]
[BlackElo "1601"]
[PlyCount "57"]
[EventDate "2019.??.??"]

1. e4 c6 2. d4 d5 3. exd5 cxd5 4. Bd3 Nf6 5. c3 Nc6 6. h3 e6 7. Bf4 Be7 8. Nf3
O-O 9. Nbd2 Bd7 10. Ne5 Nxe5 11. dxe5 Ne8 12. Qh5 g6 13. Qh6 Ng7 14. h4 Nh5 15.
Be3 Re8 16. Bd4 Bf8 17. Qe3 Ng7 18. g4 h5 19. gxh5 Nxh5 20. O-O-O Kh7 21. Qf3
Kg8 22. Rdg1 Bg7 23. Rxg6 fxg6 24. Bxg6 Re7 25. Qxh5 b6 26. Rh3 Be8 27. Qh7+
Kf8 28. Rf3+ Bf7 29. h5 1-0

[Event "Glorney 2019"]
[Site "?"]
[Date "2019.07.23"]
[Round "3.1"]
[White "Guha, Chirag"]
[Black "Sanger, Jake M"]
[Result "1/2-1/2"]
[WhiteElo "1885"]
[BlackElo "1867"]
[PlyCount "66"]
[EventDate "2019.??.??"]

1. d4 e6 2. c4 d5 3. Nf3 Nf6 4. g3 Be7 5. Bg2 O-O 6. O-O Nbd7 7. Nbd2 b6 8. Ne5
Bb7 9. b3 c5 10. e3 Qc7 11. Bb2 dxc4 12. Bxb7 Qxb7 13. Nxd7 Nxd7 14. Nxc4 b5
15. Ne5 Nxe5 16. dxe5 Rfd8 17. Qe2 Rd7 18. Rfd1 Rad8 19. Rxd7 Qxd7 20. Rc1 Qd2
21. Rc2 Qxe2 22. Rxe2 Kf8 23. Kg2 Ke8 24. Kf3 Kd7 25. Rc2 Kc6 26. Ke4 a5 27. a4
Rb8 28. Bc3 Kb6 29. Ra2 b4 30. Be1 Rd8 31. Rd2 Rxd2 32. Bxd2 Kc6 33. Kd3 g6
1/2-1/2

[Event "Glorney 2019"]
[Site "?"]
[Date "2019.07.23"]
[Round "3.2"]
[White "D'Alessio, Marco"]
[Black "Camp, Imogen A L"]
[Result "1-0"]
[WhiteElo "1717"]
[BlackElo "1850"]
[PlyCount "167"]
[EventDate "2019.??.??"]

1. d4 d5 2. c4 c6 3. Nf3 Nf6 4. Nc3 e6 5. e3 Nbd7 6. Qc2 Bd6 7. Be2 dxc4 8.
Bxc4 b5 9. Be2 Bb7 10. O-O a6 11. Rd1 Qc7 12. e4 e5 13. dxe5 Nxe5 14. Nd4 Ned7
15. g3 O-O 16. Nf5 Bc5 17. Bf4 Qb6 18. Bf3 Rfe8 19. Nd6 Bxd6 20. Rxd6 Ne5 21.
Be2 Qc5 22. Qd2 Nc4 23. Bxc4 Qxc4 24. b3 Qc5 25. Re1 b4 26. Na4 Qb5 27. Qd4 a5
28. Nc5 Bc8 29. Bh6 Be6 30. Bg5 Ng4 31. h3 Nh6 32. Bxh6 gxh6 33. Nxe6 fxe6 34.
Rd7 Qg5 35. h4 Qg6 36. Rc1 Rac8 37. Rc5 Rf8 38. Rxa5 c5 39. Qd3 Qf6 40. Qd2 c4
41. bxc4 Rxc4 42. Raa7 b3 43. axb3 Rxe4 44. Qc2 Re1+ 45. Kh2 Qxf2+ 46. Qxf2
Rxf2+ 47. Kh3 Rb1 48. Rg7+ Kf8 49. Rxh7 Kg8 50. Rag7+ Kf8 51. Rb7 Kg8 52. Rxh6
Rf3 53. Rxe6 Rg1 54. Rg6+ Kh8 55. h5 Rf5 56. Kg4 Rd5 57. Rf6 Rd8 58. b4 Rd4+
59. Rf4 Rd8 60. Rf6 Rd4+ 61. Kf5 Rf1+ 62. Ke5 Rxf6 63. Kxd4 Rf3 64. Kc5 Rxg3
65. h6 Rg5+ 66. Kc4 Rh5 67. h7 Rc5+ 68. Kb3 Rc3+ 69. Ka4 Ra3+ 70. Kb5 Ra5+ 71.
Kc6 Rc5+ 72. Kd7 Rd5+ 73. Kc7 Rf5 74. Rb8+ Kxh7 75. b5 Rf7+ 76. Kb6 Rf6+ 77.
Ka7 Rf1 78. b6 Ra1+ 79. Kb7 Kg7 80. Ra8 Rb1 81. Ra6 Kf7 82. Ka7 Ke7 83. b7 Kd7
84. b8=Q 1-0

[Event "Glorney 2019"]
[Site "?"]
[Date "2019.07.23"]
[Round "3.3"]
[White "Fowler, Hugo"]
[Black "Volland, Ben"]
[Result "0-1"]
[WhiteElo "1794"]
[BlackElo "1846"]
[PlyCount "104"]
[EventDate "2019.??.??"]

1. e4 e5 2. Nf3 Nc6 3. Bc4 Bc5 4. c3 Nf6 5. d3 h6 6. Nbd2 O-O 7. Bb3 d6 8. Nf1
Re8 9. Ng3 Be6 10. O-O d5 11. Qe2 d4 12. h3 Bxb3 13. axb3 Nh7 14. Nf5 Qf6 15.
Nh2 Ne7 16. Ng4 Qe6 17. b4 Bb6 18. c4 c5 19. bxc5 Bxc5 20. Nxe7+ Rxe7 21. Qd2
f5 22. exf5 Qxf5 23. b4 Bb6 24. f3 Nf6 25. Nxf6+ Qxf6 26. Re1 Qg6 27. Re4 h5
28. Qg5 Qxg5 29. Bxg5 Ree8 30. Rae1 a5 31. Rxe5 Rxe5 32. Rxe5 axb4 33. Rb5 Ra1+
34. Kf2 Ra2+ 35. Kg3 Bc7+ 36. Bf4 h4+ 37. Kg4 Rxg2+ 38. Kf5 g6+ 39. Ke4 Re2+
40. Kxd4 Bxf4 41. Rxb4 b6 42. Kd5 Be3 43. Rb3 Bc5 44. Rb1 Rd2 45. Ke4 Kg7 46.
Ra1 Re2+ 47. Kf4 Re3 48. Rd1 Re8 49. Kg4 Bf2 50. Rb1 Rf8 51. Rb2 Bg3 52. Rxb6
Kh6 0-1

[Event "Glorney 2019"]
[Site "?"]
[Date "2019.07.23"]
[Round "3.4"]
[White "Dawson, Euan"]
[Black "Rathbone-Jones, Ifan"]
[Result "1/2-1/2"]
[WhiteElo "1806"]
[BlackElo "1855"]
[PlyCount "61"]
[EventDate "2019.??.??"]

1. e4 e6 2. d3 d5 3. Qe2 Be7 4. Nf3 c5 5. g3 Nc6 6. Bg2 Nf6 7. O-O d4 8. Nbd2
e5 9. h3 O-O 10. Nc4 Qc7 11. a4 Be6 12. b3 h6 13. Nh4 Bxc4 14. bxc4 Kh7 15. Nf5
Nd7 16. h4 Rg8 17. Bh3 Bf8 18. g4 g5 19. hxg5 hxg5 20. Bg2 Rg6 21. Bf3 Qd8 22.
Kg2 Qf6 23. Rh1+ Bh6 24. Bd2 Rh8 25. Rh5 Kg8 26. Rah1 Nf8 27. Bxg5 Rxg5 28.
Rxh6 Rxh6 29. Nxh6+ Kg7 30. Nf5+ Kg8 31. Nh6+ 1/2-1/2

[Event "Glorney 2019"]
[Site "?"]
[Date "2019.07.23"]
[Round "3.5"]
[White "Mcintosh, David"]
[Black "Mckay, Jonathan"]
[Result "0-1"]
[WhiteElo "1601"]
[BlackElo "1550"]
[PlyCount "90"]
[EventDate "2019.??.??"]

1. d4 Nf6 2. c4 g6 3. Nc3 Bg7 4. e4 d6 5. Nf3 O-O 6. Be2 e5 7. O-O Nc6 8. d5
Ne7 9. b4 Nh5 10. c5 Nf4 11. Bc4 Bg4 12. Bxf4 exf4 13. Rc1 h6 14. Be2 Bxf3 15.
Bxf3 Bxc3 16. Rxc3 g5 17. Bh5 Ng6 18. Bxg6 fxg6 19. f3 Qf6 20. Rc2 Rae8 21. Qa1
Re5 22. Qd4 a6 23. cxd6 cxd6 24. Rc7 Rf7 25. Rfc1 Kg7 26. Rxf7+ Kxf7 27. Rc7+
Re7 28. Qxf6+ Kxf6 29. Rxe7 Kxe7 30. Kf1 Kf6 31. Ke2 Ke5 32. Kd3 b5 33. h3 h5
34. a3 g4 35. h4 g3 36. Kc3 g5 37. hxg5 h4 38. g6 Kf6 39. g7 Kxg7 40. e5 h3 41.
exd6 Kf7 42. gxh3 g2 43. Kd4 g1=Q+ 44. Ke5 Qe3+ 45. Kf5 Qxf3 0-1

[Event "Glorney 2019"]
[Site "?"]
[Date "2019.07.23"]
[Round "3.6"]
[White "Melaugh, Shane"]
[Black "Pham, Arthur"]
[Result "1-0"]
[WhiteElo "2126"]
[BlackElo "2109"]
[PlyCount "133"]
[EventDate "2019.??.??"]

1. c4 c5 2. Nc3 g6 3. g3 Bg7 4. Bg2 Nc6 5. e4 d6 6. Nge2 e6 7. a3 Nge7 8. O-O
O-O 9. Rb1 a5 10. d3 Nd4 11. Nxd4 cxd4 12. Nb5 Bd7 13. a4 Bxb5 14. axb5 b6 15.
b3 Ra7 16. Ba3 g5 17. Qh5 Ng6 18. Bc1 f6 19. f4 gxf4 20. Bxf4 Rc7 21. Bh6 Ne5
22. Bh3 Qe8 23. Qxe8 Rxe8 24. Bxg7 Kxg7 25. Rbd1 Nd7 26. Rf2 Nc5 27. Rb2 Kf7
28. Bf1 Rd7 29. Be2 Ra8 30. Ra1 Rda7 31. Ra3 Kg6 32. Rba2 Rd7 33. b4 Nb7 34.
Bf3 Rc8 35. bxa5 Nxa5 36. Rf2 Nb7 37. Ra7 Nc5 38. Rxd7 Nxd7 39. Ra2 Nc5 40. Be2
f5 41. exf5+ exf5 42. Kf2 Re8 43. h4 Re3 44. Ra8 Kf6 45. Rf8+ Ke5 46. Re8+ Ne6
47. Rb8 f4 48. gxf4+ Nxf4 49. Re8+ Kf5 50. Rxe3 dxe3+ 51. Kxe3 Ng2+ 52. Kd4 Ke6
53. Bg4+ Ke7 54. h5 h6 55. Ke4 Kf6 56. Bf3 Ne1 57. d4 Nc2 58. Bd1 Nb4 59. Be2
Na2 60. Bf3 Nb4 61. Bg4 Kg5 62. Be2 Kf6 63. Ke3 Kf5 64. Bd3+ Kg5 65. Bg6 Na2
66. Kd2 Kf4 67. Bb1 1-0

[Event "Glorney 2019"]
[Site "?"]
[Date "2019.07.23"]
[Round "3.7"]
[White "Lary, Damien"]
[Black "Carroll, Peter"]
[Result "0-1"]
[WhiteElo "2071"]
[BlackElo "2032"]
[PlyCount "72"]
[EventDate "2019.??.??"]

1. Nf3 Nf6 2. g3 b5 3. Bg2 Bb7 4. O-O c5 5. a4 b4 6. d3 g6 7. e4 Bg7 8. Nbd2 d5
9. exd5 Nxd5 10. Nc4 Nb6 11. Nfd2 Bxg2 12. Kxg2 Nc6 13. Re1 Qd5+ 14. f3 Nxc4
15. Nxc4 Nd4 16. Bf4 O-O 17. Be5 Bxe5 18. Rxe5 Qc6 19. c3 Nf5 20. Qe2 Rfd8 21.
a5 Rd5 22. Rd1 Rad8 23. Kf2 e6 24. f4 Nd6 25. Ne3 Rxe5 26. fxe5 Nb5 27. Qd2 h5
28. g4 Qc7 29. gxh5 bxc3 30. bxc3 Qxe5 31. Ng4 Qxc3 32. Qh6 Qg7 33. Qg5 Qd4+
34. Kg3 Nc3 35. Rf1 Ne2+ 36. Kh4 Rd5 0-1

[Event "Glorney 2019"]
[Site "?"]
[Date "2019.07.23"]
[Round "3.8"]
[White "Melaugh, Gavin"]
[Black "Weisman, Nathan"]
[Result "1-0"]
[WhiteElo "2153"]
[BlackElo "2071"]
[PlyCount "73"]
[EventDate "2019.??.??"]

1. d4 Nf6 2. c4 g6 3. Nc3 d5 4. h4 h6 5. cxd5 Nxd5 6. e4 Nxc3 7. bxc3 Bg7 8. h5
g5 9. Bc4 c5 10. Ne2 Nc6 11. Be3 Na5 12. Bd3 b6 13. dxc5 O-O 14. cxb6 axb6 15.
Rb1 Rb8 16. Nd4 e5 17. Nb3 Be6 18. Nxa5 bxa5 19. Rxb8 Qxb8 20. O-O Rd8 21. Qe2
a4 22. Bc4 Qd6 23. Bxe6 Qxe6 24. c4 Bf8 25. c5 a3 26. Rc1 Rc8 27. Qc4 Qc6 28.
Qd5 Qc7 29. Rc3 Rd8 30. Qc4 Qd7 31. Qe2 f5 32. c6 Qc8 33. c7 Rd7 34. Qc4+ Kh8
35. Qb5 Qe8 36. c8=Q Rd1+ 37. Qf1 1-0

[Event "Glorney 2019"]
[Site "?"]
[Date "2019.07.23"]
[Round "3.9"]
[White "Mahieu, Luc"]
[Black "Flynn, Jacob"]
[Result "1-0"]
[WhiteElo "2049"]
[BlackElo "1994"]
[PlyCount "149"]
[EventDate "2019.??.??"]

1. e4 c6 2. d4 d5 3. Nc3 dxe4 4. Nxe4 Nf6 5. Nxf6+ exf6 6. c3 Bd6 7. Bd3 O-O 8.
Qc2 g6 9. Ne2 Nd7 10. O-O Qc7 11. h4 f5 12. Bg5 Nb6 13. c4 Be7 14. Bf4 Qd8 15.
h5 Bg5 16. Qd2 Bxf4 17. Qxf4 Be6 18. b3 Rc8 19. Rad1 Qc7 20. Qh4 Qd8 21. Qg3
Qf6 22. Nf4 Rfd8 23. Bc2 Rd7 24. h6 g5 25. Rfe1 Qxh6 26. Nxe6 fxe6 27. Qe5 Rcd8
28. Qxe6+ Qxe6 29. Rxe6 Rxd4 30. Rxd4 Rxd4 31. Re8+ Kf7 32. Rb8 Rd2 33. Bxf5
Rxa2 34. Rxb7+ Kf6 35. Bxh7 c5 36. Bg8 Rb2 37. Rxa7 Rxb3 38. Rc7 Na4 39. Bd5
Rb4 40. Rc6+ Ke5 41. Rg6 Kd4 42. Rxg5 Nb6 43. Bf7 Nxc4 44. Rd5+ Ke4 45. Rxc5
Ne5 46. Bh5 Rb1+ 47. Kh2 Rb8 48. Rc3 Rh8 49. Rh3 Kf4 50. g3+ Kf5 51. f4 Rd8 52.
fxe5 Rd2+ 53. Kg1 Kxe5 54. Rh4 Kf5 55. Ra4 Kg5 56. Bf3 Rb2 57. Ra5+ Kf6 58. Bg2
Rb1+ 59. Kh2 Rb8 60. g4 Rb3 61. Rf5+ Kg6 62. Bf3 Rb2+ 63. Kg3 Rb4 64. Ra5 Kh6
65. Kh4 Rb2 66. Ra6+ Kg7 67. Be4 Rh2+ 68. Kg5 Rb2 69. Ra7+ Kf8 70. Bf5 Rb6 71.
Bg6 Rb5+ 72. Kh6 Rb2 73. Ra8+ Ke7 74. Re8+ Kd7 75. Re3 1-0

[Event "Glorney 2019"]
[Site "?"]
[Date "2019.07.23"]
[Round "3.10"]
[White "Scallan, Fiachra"]
[Black "Rachid, Alexandre"]
[Result "1/2-1/2"]
[WhiteElo "1873"]
[BlackElo "2007"]
[PlyCount "100"]
[EventDate "2019.??.??"]

1. c4 c5 2. Nc3 Nc6 3. g3 g6 4. Bg2 Bg7 5. Nf3 d6 6. e3 e5 7. O-O Nge7 8. Rb1
O-O 9. a3 h6 10. b4 Be6 11. d3 f5 12. Qc2 b6 13. b5 Na5 14. Nd2 Rc8 15. Bb2 Qe8
16. f4 Qf7 17. Ne2 e4 18. Bxg7 exd3 19. Qxd3 Kxg7 20. Rbc1 Rcd8 21. Rfd1 d5 22.
Qc3+ Qf6 23. cxd5 Nxd5 24. Qxf6+ Kxf6 25. Kf2 Nc7 26. Nc3 Nb3 27. Rc2 Rd7 28.
Bc6 Rxd2+ 29. Rcxd2 Nxd2 30. Rxd2 Ke7 31. e4 fxe4 32. Ke3 Bf5 33. Nxe4 Rd8 34.
Rxd8 Kxd8 35. Nf6 h5 36. Nd5 Bd7 37. Nc3 Bxc6 38. bxc6 Ke7 39. Ne4 Ne6 40. Nc3
Kd6 41. Nb5+ Kxc6 42. Nxa7+ Kd7 43. Ke4 Nd4 44. h3 Nf5 45. g4 hxg4 46. hxg4 Nh6
47. g5 Nf7 48. Kd5 Nd6 49. Nc6 Nf7 50. a4 c4 1/2-1/2

[Event "Glorney 2019"]
[Site "?"]
[Date "2019.07.23"]
[Round "3.11"]
[White "Brozel, Sacha"]
[Black "Baselmans, Luuk"]
[Result "1/2-1/2"]
[WhiteElo "2199"]
[BlackElo "2212"]
[PlyCount "106"]
[EventDate "2019.??.??"]

1. g3 e5 2. c4 Nc6 3. Nc3 Nf6 4. Bg2 Bb4 5. Nd5 a5 6. Nf3 O-O 7. O-O d6 8. d4
Nxd5 9. cxd5 Nxd4 10. Nxd4 exd4 11. Qxd4 Bc5 12. Qd2 Qf6 13. Qg5 Qxg5 14. Bxg5
Bg4 15. e4 f5 16. h3 Bh5 17. Be3 Bxe3 18. fxe3 fxe4 19. Rac1 Rxf1+ 20. Kxf1
Rf8+ 21. Kg1 Rf7 22. Bxe4 Re7 23. Bf5 Bf7 24. e4 h5 25. h4 b6 26. Kf2 Bxd5 27.
exd5 Rf7 28. Ke3 Rxf5 29. Rxc7 Rxd5 30. a4 b5 31. b3 Kh7 32. Rb7 bxa4 33. bxa4
Kg6 34. Ke4 Re5+ 35. Kd4 Kf6 36. Rd7 Re6 37. Ra7 Re5 38. Rd7 d5 39. Rxg7 Re4+
40. Kxd5 Rxa4 41. Rg5 Ra3 42. Ke4 Rb3 43. Kf4 Rb4+ 44. Kf3 Rb3+ 45. Kg2 Rb8 46.
Rxa5 Kg6 47. Ra6+ Kg7 48. Kf3 Rb4 49. Re6 Ra4 50. Re5 Kg6 51. Rg5+ Kh6 52. Ke3
Ra3+ 53. Kf4 Ra4+ 1/2-1/2

[Event "Glorney 2019"]
[Site "?"]
[Date "2019.07.23"]
[Round "3.12"]
[White "Hilwerda, Jonas"]
[Black "Verma, Aditya"]
[Result "1-0"]
[WhiteElo "2275"]
[BlackElo "2119"]
[PlyCount "51"]
[EventDate "2019.??.??"]

1. e4 c5 2. Nf3 d6 3. Bb5+ Bd7 4. Bxd7+ Qxd7 5. c4 Nc6 6. Nc3 Nf6 7. d4 cxd4 8.
Nxd4 g6 9. f3 Bg7 10. Be3 O-O 11. O-O Rfd8 12. Qd2 Rac8 13. b3 e6 14. Rad1 Nxd4
15. Bxd4 b6 16. Qb2 Ne8 17. Bxg7 Nxg7 18. Rd3 Rc5 19. Rfd1 Qe7 20. Qd2 Ne8 21.
Nb5 Rh5 22. Nxd6 Qc7 23. g3 Qc5+ 24. Kg2 Nf6 25. b4 Qc7 26. g4 1-0

[Event "Glorney 2019"]
[Site "?"]
[Date "2019.07.23"]
[Round "3.13"]
[White "Pollack, Oscar"]
[Black "Kokje, Joris"]
[Result "0-1"]
[WhiteElo "2088"]
[BlackElo "2207"]
[PlyCount "58"]
[EventDate "2019.??.??"]

1. d4 Nf6 2. c4 g6 3. Nc3 Bg7 4. e4 d6 5. Nf3 O-O 6. Be2 e5 7. O-O Nc6 8. d5
Ne7 9. b4 Ne8 10. c5 f5 11. Nd2 Nf6 12. f3 f4 13. Nc4 g5 14. g4 fxg3 15. hxg3
Nh5 16. Kg2 Ng6 17. Rh1 Nhf4+ 18. gxf4 exf4 19. Bb2 g4 20. fxg4 Qg5 21. Kf2 f3
22. Bf1 Rf4 23. Ne3 Ne5 24. Qd2 Rxg4 25. Ke1 Rg1 26. Rxg1 Qxg1 27. Ncd1 f2+ 28.
Ke2 Bg4+ 29. Nxg4 Qxg4+ 0-1

[Event "Glorney 2019"]
[Site "?"]
[Date "2019.07.23"]
[Round "3.14"]
[White "Gijsen, William"]
[Black "Carroll, Thomas"]
[Result "0-1"]
[WhiteElo "2005"]
[BlackElo "2042"]
[PlyCount "86"]
[EventDate "2019.??.??"]

1. e4 c5 2. Nf3 d6 3. d4 cxd4 4. Nxd4 Nf6 5. Nc3 a6 6. Be3 e5 7. Nb3 Be6 8. f3
Be7 9. Qd2 h5 10. O-O-O Nbd7 11. Kb1 Rc8 12. Nd5 Nxd5 13. exd5 Bf5 14. Bd3 Bxd3
15. Qxd3 Bg5 16. Bxg5 Qxg5 17. h4 Qf4 18. Nd2 Nc5 19. Qe2 O-O 20. g4 Rce8 21.
gxh5 e4 22. Qc4 b5 23. Qd4 Qe5 24. Nxe4 Nxe4 25. fxe4 Qxd4 26. Rxd4 Re5 27. a4
Rfe8 28. axb5 axb5 29. Rb4 Rxh5 30. Rxb5 Rxe4 31. b3 Rexh4 32. Rxh4 Rxh4 33.
Kc1 g5 34. Kd2 Kg7 35. c4 Kf6 36. Rb8 Ke5 37. Rc8 Kd4 38. b4 g4 39. c5 Rh2+ 40.
Ke1 g3 41. cxd6 Rh1+ 42. Ke2 g2 43. d7 g1=Q 0-1

[Event "Glorney 2019"]
[Site "?"]
[Date "2019.07.23"]
[Round "3.15"]
[White "Turner, Max N"]
[Black "Klein, Jorik"]
[Result "1/2-1/2"]
[WhiteElo "2026"]
[BlackElo "1801"]
[PlyCount "113"]
[EventDate "2019.??.??"]

1. d4 Nf6 2. Nf3 g6 3. g3 Bg7 4. Bg2 O-O 5. O-O d6 6. a4 Nbd7 7. a5 a6 8. h3 e5
9. dxe5 dxe5 10. Be3 Qe7 11. Nfd2 Nc5 12. b4 Ne6 13. c3 Nd7 14. Qb3 c6 15. Nc4
Kh8 16. Nb6 Rb8 17. Nd2 Nxb6 18. Bxb6 f5 19. Rad1 h5 20. h4 g5 21. Nf3 Rg8 22.
Nxg5 Nxg5 23. hxg5 Qxg5 24. Qf7 f4 25. Bf3 Bg4 26. Bxg4 Qxg4 27. Qd7 Qxe2 28.
Rde1 Qf3 29. Qd1 Qxd1 30. Rxd1 fxg3 31. fxg3 Rbf8 32. Kg2 Rxf1 33. Rxf1 h4 34.
Be3 e4 35. Rf4 Bxc3 36. Rxh4+ Kg7 37. Rxe4 Kf6 38. Bd4+ Bxd4 39. Rxd4 Rg5 40.
Kf3 Rb5 41. Rc4 Rd5 42. g4 Rd1 43. Rf4+ Kg6 44. Re4 Kf6 45. Ke3 Rd5 46. Rc4 Ke6
47. Kf4 Kf6 48. Re4 c5 49. bxc5 Rxc5 50. Rb4 Rxa5 51. g5+ Kg7 52. Rxb7+ Kg6 53.
Rb6+ Kg7 54. Kg4 Ra1 55. Kh5 Rh1+ 56. Kg4 Ra1 57. Kh5 1/2-1/2

[Event "Glorney 2019"]
[Site "?"]
[Date "2019.07.23"]
[Round "4.1"]
[White "Sanger, Jake M"]
[Black "Baselmans, Luuk"]
[Result "0-1"]
[WhiteElo "1867"]
[BlackElo "2212"]
[PlyCount "84"]
[EventDate "2019.??.??"]

1. d4 Nf6 2. Nf3 e6 3. Bf4 b6 4. Nbd2 Bb7 5. e3 d6 6. Bd3 Nbd7 7. c3 g6 8. Qe2
Bg7 9. O-O Qe7 10. e4 e5 11. Bg3 O-O 12. Rfe1 Nh5 13. Ba6 Bxa6 14. Qxa6 Rfe8
15. dxe5 dxe5 16. b4 Nf4 17. a4 c5 18. Reb1 Qd8 19. a5 Qc8 20. Qf1 Qc6 21. b5
Qb7 22. a6 Qc7 23. Nc4 Rad8 24. Rd1 Nf8 25. Rxd8 Rxd8 26. Rd1 f6 27. Bxf4 exf4
28. Rxd8 Qxd8 29. Qe2 Qe8 30. Nd6 Qd7 31. Qc4+ Ne6 32. Qd5 Bf8 33. Nc4 Qxd5 34.
exd5 Nc7 35. d6 Nxb5 36. d7 Be7 37. Nfd2 Kf7 38. Ne4 Ke6 39. Ned6 Nxd6 40. Nxb6
Nb5 41. c4 Nc7 42. Nc8 Kxd7 0-1

[Event "Glorney 2019"]
[Site "?"]
[Date "2019.07.23"]
[Round "4.2"]
[White "Hilwerda, Jonas"]
[Black "D'Alessio, Marco"]
[Result "1/2-1/2"]
[WhiteElo "2275"]
[BlackElo "1717"]
[PlyCount "73"]
[EventDate "2019.??.??"]

1. e4 e5 2. Nf3 Nc6 3. Nc3 Nf6 4. Bb5 d6 5. d4 exd4 6. Nxd4 Bd7 7. Bxc6 bxc6 8.
Qf3 c5 9. Nf5 Bxf5 10. exf5 d5 11. Bg5 c6 12. O-O-O Be7 13. Bxf6 Bxf6 14. Rhe1+
Kf8 15. Ne4 Bxb2+ 16. Kxb2 Qb6+ 17. Kc1 dxe4 18. Qxe4 Qc7 19. Qe3 h5 20. Qxc5+
Kg8 21. Rd6 Rb8 22. f6 Qb7 23. Re7 Qb2+ 24. Kd2 Rh6 25. fxg7 Qb6 26. Qd4 Rxd6
27. Qxd6 Rd8 28. Rd7 Qxf2+ 29. Kc3 Qe3+ 30. Kb2 Qb6+ 31. Kc1 Qg1+ 32. Kb2 Qb6+
33. Ka3 Qa5+ 34. Kb3 Qb6+ 35. Kc4 Qb5+ 36. Kc3 Qa5+ 37. Kb3 1/2-1/2

[Event "Glorney 2019"]
[Site "?"]
[Date "2019.07.23"]
[Round "4.3"]
[White "Volland, Ben"]
[Black "Kokje, Joris"]
[Result "0-1"]
[WhiteElo "1846"]
[BlackElo "2207"]
[PlyCount "70"]
[EventDate "2019.??.??"]

1. c4 Nf6 2. g3 g6 3. Bg2 Bg7 4. Nc3 O-O 5. d3 d6 6. Bd2 e5 7. e4 Nc6 8. Nge2
Be6 9. O-O Qd7 10. Rb1 a5 11. a3 Bh3 12. Nd5 Bxg2 13. Kxg2 Ne7 14. Nxe7+ Qxe7
15. f4 c6 16. f5 d5 17. Bg5 dxe4 18. dxe4 h6 19. Bxf6 Bxf6 20. Qb3 Rfd8 21.
fxg6 fxg6 22. Rbd1 h5 23. Qb6 Bg5 24. Nc3 Rxd1 25. Rxd1 Rf8 26. Rf1 Rd8 27. Rf2
h4 28. Qxa5 Be3 29. Re2 Bd4 30. Nd1 Rf8 31. Qe1 Qf7 32. b3 Qf3+ 33. Kh3 hxg3
34. Qxg3 Qh5+ 35. Qh4 Rf3+ 0-1